[Event "Hampshire Open"]
[Site "Eastleigh"]
[Date "2012.11.16"]
[Round "1"]
[White "Chapman, Matt"]
[Black "Thompson, Ian D"]
[Result "0-1"]
[WhiteElo "2075"]
[BlackElo "2239"]
[PlyCount "122"]
[EventDate "2012.11.16"]
[EventType "swiss"]
[EventRounds "6"]
[EventCountry "ENG"]
[SourceTitle "BritBase"]
[Source "John Saunders"]
[SourceDate "2025.01.31"]
[SourceVersion "1"]
[SourceVersionDate "2025.01.31"]
[SourceQuality "1"]

1. e4 e6 2. d4 d5 3. e5 c5 4. c3 Nc6 5. Nf3 Qb6 6. Be2 cxd4 7. cxd4 Nge7 8. Nc3 Nf5 9. Bb5 Bd7 10. Bxc6 Bxc6 11. O-O h5 12. Rb1 a5 13. Bg5 a4 14. Qd2 a3 15. bxa3 Qa5 16. Rb3 Bxa3 17. Rfb1 Ra7 18. Nb5 Qxd2 19. Bxd2 Bxb5 20. Rxb5 O-O 21. Rxb7 Rxb7 22. Rxb7 Rc8 23. g3 Rc2 24. Rb3 Rxa2 25. Bb4 Bc1 26. Bc5 g5 27. h3 Kg7 28. Rc3 Ra1 29. Kg2 Kg6 30. Rb3 g4 31. hxg4 hxg4 32. Nh4+ Nxh4+ 33. gxh4 Bf4 34. Rb2 Ra4 35. Rb7 Ra2 36. h5+ Kxh5 37. Rxf7 Bg5 38. Rf8 Rd2 39. Rh8+ Kg6 40. Rg8+ Kf5 41. Rf8+ Ke4 42. Kg3 Rd1 43. Kg2 Bf4 44. Rg8 g3 45. fxg3 Rd2+ 46. Kf1 Kf3 47. Ke1 Rg2 48. Kd1 Bxg3 49. Ra8 Bf4 50. Ra3+ Ke4 51. Rh3 Be3 52. Rh1 Ra2 53. Rh3 Kd3 54. Rxe3+ Kxe3 55. Kc1 Kd3 56. Kb1 Ra4 57. Kc1 Rxd4 58. Bd6 Rc4+ 59. Kd1 Ra4 60. Ke1 Ra2 61. Kf1 d4 0-1

[Event "Hampshire Open"]
[Site "Eastleigh"]
[Date "2012.11.16"]
[Round "1"]
[White "Corkett, Anthony R"]
[Black "Fowler, David W"]
[Result "1/2-1/2"]
[WhiteElo "2306"]
[BlackElo "1860"]
[PlyCount "70"]
[EventDate "2012.11.16"]
[EventType "swiss"]
[EventRounds "6"]
[EventCountry "ENG"]
[SourceTitle "BritBase"]
[Source "John Saunders"]
[SourceDate "2025.01.31"]
[SourceVersion "1"]
[SourceVersionDate "2025.01.31"]
[SourceQuality "1"]

1. Nf3 Nf6 2. c4 e6 3. g3 d5 4. Bg2 c6 5. O-O Be7 6. Qc2 O-O 7. b3 Nbd7 8. Bb2 a6 9. d3 b6 10. e4 Bb7 11. Nc3 Qc7 12. Rac1 Rac8 13. Qe2 Qb8 14. Rfe1 dxe4 15. Nxe4 Nxe4 16. dxe4 c5 17. e5 Qa8 18. Rc3 Rfd8 19. Nh4 Bxh4 20. Bxb7 Qxb7 21. gxh4 Nf8 22. Rg3 Qe7 23. Bc1 Qxh4 24. Bg5 Qd4 25. Rg4 Qd3 26. Bxd8 Rxd8 27. Re4 Ng6 28. Qxd3 Rxd3 29. R1e3 Rd2 30. Re2 Rd1+ 31. Kg2 Ne7 32. Re1 Rd2 33. R1e2 Rd1 34. Re1 Rd2 35. R1e2 Rd1 1/2-1/2

[Event "Hampshire Open"]
[Site "Eastleigh"]
[Date "2012.11.16"]
[Round "1"]
[White "Dawson, David"]
[Black "Williams, Peter Arthur"]
[Result "1-0"]
[WhiteElo "2058"]
[BlackElo "2238"]
[PlyCount "85"]
[EventDate "2012.11.16"]
[EventType "swiss"]
[EventRounds "6"]
[EventCountry "ENG"]
[SourceTitle "BritBase"]
[Source "John Saunders"]
[SourceDate "2025.01.31"]
[SourceVersion "1"]
[SourceVersionDate "2025.01.31"]
[SourceQuality "1"]

1. e4 e6 2. d3 c5 3. Nf3 Nc6 4. g3 Nge7 5. Bg2 g6 6. O-O Bg7 7. Re1 d6 8. c3 e5 9. a3 O-O 10. b4 b6 11. b5 Na5 12. c4 f5 13. Nc3 f4 14. Ra2 h6 15. gxf4 exf4 16. Nd5 Nxd5 17. exd5 g5 18. h3 Bf5 19. Rae2 Qf6 20. Nh2 Qg6 21. Be4 Bc3 22. Bxf5 Qxf5 23. Ng4 Bg7 24. Re7 Rf7 25. Bb2 h5 26. Bxg7 hxg4 27. hxg4 Qg6 28. Bc3 Raf8 29. Qf3 Qh7 30. Rxf7 Rxf7 31. Re8+ Rf8 32. Re6 Nb7 33. Qh1 Qxh1+ 34. Kxh1 Kf7 35. Bf6 Nd8 36. Bxd8 Rxd8 37. Kg2 Re8 38. Rxd6 Re2 39. Rd7+ Ke8 40. Rxa7 Rd2 41. Rb7 Rxd3 42. Rxb6 Rc3 43. Rc6 1-0

[Event "Hampshire Open"]
[Site "Eastleigh"]
[Date "2012.11.16"]
[Round "1"]
[White "Dixit, Kumar"]
[Black "Tambini, Jasper"]
[Result "0-1"]
[WhiteElo "1885"]
[BlackElo "1969"]
[PlyCount "68"]
[EventDate "2012.11.16"]
[EventType "swiss"]
[EventRounds "6"]
[EventCountry "ENG"]
[SourceTitle "BritBase"]
[Source "John Saunders"]
[SourceDate "2025.01.31"]
[SourceVersion "1"]
[SourceVersionDate "2025.01.31"]
[SourceQuality "1"]

1. d4 d5 2. Nf3 Nf6 3. c4 e6 4. Nc3 Be7 5. Bf4 O-O 6. e3 c5 7. Bd3 b6 8. O-O Bb7 9. cxd5 Nxd5 10. Nxd5 Bxd5 11. dxc5 Bxc5 12. Bxh7+ Kxh7 13. Ng5+ Kg6 14. Qg4 f5 15. Qg3 Kf6 16. Nh7+ Kf7 17. Nxf8 Qxf8 18. Rac1 a5 19. Rfd1 Nd7 20. f3 Nf6 21. Qe1 Bxa2 22. Be5 Bd5 23. Bd4 Rc8 24. Bxc5 Rxc5 25. Rxc5 Qxc5 26. Rc1 Qd6 27. Rc8 Bb7 28. Rc4 Ba6 29. Rd4 Qc5 30. Qd2 e5 31. Rd8 f4 32. Kf2 Ke7 33. Ra8 Nd5 34. Ke1 fxe3 0-1

[Event "Hampshire Open"]
[Site "Eastleigh"]
[Date "2012.11.16"]
[Round "1"]
[White "Lock, Gavin R"]
[Black "Cordner, David A"]
[Result "1/2-1/2"]
[WhiteElo "2162"]
[BlackElo "1994"]
[PlyCount "41"]
[EventDate "2012.11.16"]
[EventType "swiss"]
[EventRounds "6"]
[EventCountry "ENG"]
[SourceTitle "BritBase"]
[Source "John Saunders"]
[SourceDate "2025.01.31"]
[SourceVersion "1"]
[SourceVersionDate "2025.01.31"]
[SourceQuality "1"]

1. d4 Nf6 2. Nf3 e6 3. Bg5 Be7 4. Nbd2 c5 5. e3 cxd4 6. exd4 b6 7. c3 Ba6 8. Bxa6 Nxa6 9. O-O O-O 10. Qe2 Nc7 11. Ne5 Nfd5 12. Bxe7 Qxe7 13. f4 d6 14. Nd3 f5 15. Rae1 Rae8 16. Qf3 Qd7 17. h3 b5 18. g3 Na8 19. Re2 Nab6 20. Rfe1 Nc8 21. Kg2 1/2-1/2

[Event "Hampshire Open"]
[Site "Eastleigh"]
[Date "2012.11.16"]
[Round "1"]
[White "Tunks, Dominic R"]
[Black "Edney, Richard H"]
[Result "1-0"]
[WhiteElo "2055"]
[BlackElo "1914"]
[PlyCount "45"]
[EventDate "2012.11.16"]
[EventType "swiss"]
[EventRounds "6"]
[EventCountry "ENG"]
[SourceTitle "BritBase"]
[Source "John Saunders"]
[SourceDate "2025.01.31"]
[SourceVersion "1"]
[SourceVersionDate "2025.01.31"]
[SourceQuality "1"]

1. d4 Nf6 2. c4 g6 3. Nc3 Bg7 4. e4 d6 5. Be2 O-O 6. Bg5 Na6 7. Nf3 c5 8. O-O h6 9. Be3 Ng4 10. Bc1 cxd4 11. Nxd4 Ne5 12. Be3 Nc7 13. Qd2 Kh7 14. h3 Ne6 15. Rad1 Nxd4 16. Bxd4 Be6 17. b3 Qc7 18. f4 Nc6 19. Bxg7 Kxg7 20. f5 Bd7 21. Nd5 Qc8 22. Nxe7 Nxe7 23. f6+ 1-0

[Event "Hampshire Open"]
[Site "Eastleigh"]
[Date "2012.11.17"]
[Round "2"]
[White "Cordner, David A"]
[Black "Iyengar, Ilya"]
[Result "1-0"]
[WhiteElo "1994"]
[BlackElo "2019"]
[PlyCount "37"]
[EventDate "2012.11.16"]
[EventType "swiss"]
[EventRounds "6"]
[EventCountry "ENG"]
[SourceTitle "BritBase"]
[Source "John Saunders"]
[SourceDate "2025.01.31"]
[SourceVersion "1"]
[SourceVersionDate "2025.01.31"]
[SourceQuality "1"]

1. d4 Nf6 2. Bg5 Ne4 3. Bh4 g5 4. f3 gxh4 5. fxe4 c5 6. e3 Bh6 7. Bc4 e6 8. Qh5 Qb6 9. Qxh6 Qxb2 10. Nf3 Qc1+ 11. Kf2 Qxh1 12. Qg7 Rf8 13. Nc3 Qxa1 14. Nb5 Nc6 15. Nd6+ Ke7 16. e5 Nxe5 17. dxe5 Qxe5 18. Qxe5 f6 19. Qxc5 1-0

[Event "Hampshire Open"]
[Site "Eastleigh"]
[Date "2012.11.17"]
[Round "2"]
[White "Edney, Richard H"]
[Black "Chapman, Matt"]
[Result "1/2-1/2"]
[WhiteElo "1914"]
[BlackElo "2075"]
[PlyCount "84"]
[EventDate "2012.11.16"]
[EventType "swiss"]
[EventRounds "6"]
[EventCountry "ENG"]
[SourceTitle "BritBase"]
[Source "John Saunders"]
[SourceDate "2025.01.31"]
[SourceVersion "1"]
[SourceVersionDate "2025.01.31"]
[SourceQuality "1"]

1. d4 d5 2. c4 c6 3. Nc3 Nf6 4. e3 e6 5. Nf3 Nbd7 6. Qc2 Bd6 7. b3 O-O 8. Bb2 e5 9. cxd5 cxd5 10. dxe5 Nxe5 11. Be2 Qc7 12. Rc1 Bg4 13. Nxe5 Bxe5 14. h3 Bxe2 15. Qxe2 d4 16. exd4 Bxd4 17. O-O Rfe8 18. Qf3 Qe7 19. Nd5 Nxd5 20. Bxd4 Qe4 21. Qxe4 Rxe4 22. Ba1 Re7 23. Rfe1 Rxe1+ 24. Rxe1 Rc8 25. Kh2 h6 26. Rd1 Nb6 27. Rd2 Kh7 28. Kg3 Kg6 29. a4 Rc6 30. a5 Nc8 31. Rd4 f6 32. b4 b6 33. Rd7 bxa5 34. bxa5 Rc5 35. Rd8 Ne7 36. Rd7 Nc6 37. Rc7 Rxa5 38. Bxf6 gxf6 39. Rxc6 Ra2 40. Rc8 a5 41. Ra8 a4 42. Ra5 a3 1/2-1/2

[Event "Hampshire Open"]
[Site "Eastleigh"]
[Date "2012.11.17"]
[Round "2"]
[White "Fowler, David W"]
[Black "Lock, Gavin R"]
[Result "1-0"]
[WhiteElo "1860"]
[BlackElo "2162"]
[PlyCount "123"]
[EventDate "2012.11.16"]
[EventType "swiss"]
[EventRounds "6"]
[EventCountry "ENG"]
[SourceTitle "BritBase"]
[Source "John Saunders"]
[SourceDate "2025.01.31"]
[SourceVersion "1"]
[SourceVersionDate "2025.01.31"]
[SourceQuality "1"]

1. e4 e6 2. d4 d5 3. Nc3 Bb4 4. e5 c5 5. a3 Bxc3+ 6. bxc3 Qa5 7. Bd2 Qa4 8. Nf3 b6 9. Bd3 Ba6 10. O-O Ne7 11. Re1 h6 12. Be3 Nd7 13. Qd2 Nc6 14. h3 Bxd3 15. cxd3 c4 16. dxc4 Qxc4 17. Qe2 Qxe2 18. Rxe2 Na5 19. Rb2 Rc8 20. Rc1 Ke7 21. Nd2 Rc7 22. c4 Nxc4 23. Nxc4 Rxc4 24. Rxc4 dxc4 25. Bd2 Nb8 26. Bb4+ Kd7 27. Rc2 Rc8 28. a4 a5 29. Bd6 Na6 30. Kf1 Nb4 31. Rc1 c3 32. Ke2 Nd5 33. Kd3 Kc6 34. Rb1 Kb7 35. Kc2 Rc4 36. Rd1 h5 37. Kb3 c2 38. Rc1 Rc3+ 39. Kb2 Kc6 40. Bf8 b5 41. Bxg7 b4 42. Rxc2 Rxc2+ 43. Kxc2 Nb6 44. Kb3 Kd5 45. g4 hxg4 46. h4 Nc4 47. h5 Nd2+ 48. Kb2 Ne4 49. Bf6 Nxf2 50. Bh4 Nd3+ 51. Kc2 Nf4 52. h6 Ng6 53. Bf2 Ke4 54. h7 Kf3 55. Bg1 Kg2 56. Be3 g3 57. d5 exd5 58. Bb6 Kf1 59. Bxa5 Ke2 60. Bb6 b3+ 61. Kxb3 Kd3 62. Bg1 1-0

[Event "Hampshire Open"]
[Site "Eastleigh"]
[Date "2012.11.17"]
[Round "2"]
[White "Gill, Oliver"]
[Black "Corkett, Anthony R"]
[Result "1/2-1/2"]
[WhiteElo "1984"]
[BlackElo "2306"]
[PlyCount "81"]
[EventDate "2012.11.16"]
[EventType "swiss"]
[EventRounds "6"]
[EventCountry "ENG"]
[SourceTitle "BritBase"]
[Source "John Saunders"]
[SourceDate "2025.01.31"]
[SourceVersion "1"]
[SourceVersionDate "2025.01.31"]
[SourceQuality "1"]

1. e4 c5 2. b3 b6 3. Bb2 Bb7 4. Nc3 Nc6 5. Nf3 e6 6. d4 cxd4 7. Nxd4 a6 8. Nxc6 Bxc6 9. Qd4 f6 10. Be2 Bc5 11. Qd3 Ne7 12. Bh5+ g6 13. Be2 b5 14. O-O O-O 15. Rad1 Qc7 16. a3 Rad8 17. b4 Bb6 18. Qd6 Qxd6 19. Rxd6 f5 20. Bf3 Bc7 21. Rd3 Nc8 22. exf5 Bxf3 23. Rxf3 Rxf5 24. Rd3 d5 25. a4 Nd6 26. axb5 axb5 27. Re1 Kf7 28. Ne2 Nc4 29. Bc3 e5 30. Ng3 Rf6 31. Red1 Bb6 32. Ne4 dxe4 33. Rxd8 Bxd8 34. Rxd8 Ke7 35. Rb8 Rd6 36. Kf1 Rd5 37. Ke2 h5 38. Rb7+ Ke6 39. Rg7 Kf6 40. Rb7 g5 41. Rb8 1/2-1/2

[Event "Hampshire Open"]
[Site "Eastleigh"]
[Date "2012.11.17"]
[Round "2"]
[White "Tambini, Jasper"]
[Black "Tunks, Dominic R"]
[Result "1/2-1/2"]
[WhiteElo "1969"]
[BlackElo "2055"]
[PlyCount "55"]
[EventDate "2012.11.16"]
[EventType "swiss"]
[EventRounds "6"]
[EventCountry "ENG"]
[SourceTitle "BritBase"]
[Source "John Saunders"]
[SourceDate "2025.01.31"]
[SourceVersion "1"]
[SourceVersionDate "2025.01.31"]
[SourceQuality "1"]

1. e4 e5 2. Nf3 Nc6 3. Bb5 a6 4. Ba4 Nf6 5. O-O Be7 6. Re1 b5 7. Bb3 d6 8. c3 O-O 9. h3 Na5 10. Bc2 c5 11. d4 Qc7 12. d5 c4 13. Nbd2 Nb7 14. Nf1 Nc5 15. Ng3 Re8 16. Nh2 a5 17. f4 exf4 18. Bxf4 Bf8 19. Nf3 Qb7 20. Nd4 b4 21. Qf3 b3 22. axb3 cxb3 23. Bb1 Nxd5 24. exd5 Rxe1+ 25. Kh2 g6 26. Bxg6 Rxa1 27. Bxh7+ Kxh7 28. Qh5+ 1/2-1/2

[Event "Hampshire Open"]
[Site "Eastleigh"]
[Date "2012.11.17"]
[Round "2"]
[White "Thompson, Ian D"]
[Black "Dawson, David"]
[Result "1-0"]
[WhiteElo "2239"]
[BlackElo "2058"]
[PlyCount "51"]
[EventDate "2012.11.16"]
[EventType "swiss"]
[EventRounds "6"]
[EventCountry "ENG"]
[SourceTitle "BritBase"]
[Source "John Saunders"]
[SourceDate "2025.01.31"]
[SourceVersion "1"]
[SourceVersionDate "2025.01.31"]
[SourceQuality "1"]

1. c4 e6 2. Nc3 Nf6 3. e4 d5 4. e5 Nfd7 5. cxd5 Nxe5 6. d4 Ng6 7. dxe6 Bxe6 8. d5 Bc8 9. Nf3 Bd6 10. Bg5 Be7 11. Be3 O-O 12. Be2 c6 13. O-O cxd5 14. Nxd5 Nc6 15. Nxe7+ Qxe7 16. Rc1 Re8 17. Bb5 Qb4 18. Bxc6 bxc6 19. Qd4 Rb8 20. b3 Ba6 21. Rfe1 Qxd4 22. Nxd4 Ne5 23. Nxc6 Nxc6 24. Rxc6 Bb5 25. Rd6 a6 26. a4 1-0

[Event "Hampshire Open"]
[Site "Eastleigh"]
[Date "2012.11.17"]
[Round "2"]
[White "Williams, Peter Arthur"]
[Black "Dixit, Kumar"]
[Result "1-0"]
[WhiteElo "2238"]
[BlackElo "1885"]
[PlyCount "41"]
[EventDate "2012.11.16"]
[EventType "swiss"]
[EventRounds "6"]
[EventCountry "ENG"]
[SourceTitle "BritBase"]
[Source "John Saunders"]
[SourceDate "2025.01.31"]
[SourceVersion "1"]
[SourceVersionDate "2025.01.31"]
[SourceQuality "1"]

1. d4 d5 2. c4 c6 3. Nf3 Nf6 4. Nc3 e6 5. e3 Nbd7 6. Bd3 dxc4 7. Bxc4 b5 8. Bd3 Bb7 9. e4 b4 10. Na4 c5 11. Nxc5 Bxc5 12. dxc5 Bxe4 13. Be3 Nxc5 14. Bb5+ Ncd7 15. Ne5 a6 16. Ba4 h6 17. Qd4 Bd5 18. Nxd7 Nxd7 19. Qxg7 Ke7 20. Bxd7 Qxd7 21. Bc5+ 1-0

[Event "Hampshire Open"]
[Site "Eastleigh"]
[Date "2012.11.17"]
[Round "3"]
[White "Chapman, Matt"]
[Black "Pafura, Godfrey"]
[Result "0-1"]
[WhiteElo "2075"]
[BlackElo "2109"]
[PlyCount "88"]
[EventDate "2012.11.16"]
[EventType "swiss"]
[EventRounds "6"]
[EventCountry "ENG"]
[SourceTitle "BritBase"]
[Source "John Saunders"]
[SourceDate "2025.01.31"]
[SourceVersion "1"]
[SourceVersionDate "2025.01.31"]
[SourceQuality "1"]

1. e4 c6 2. d4 d5 3. exd5 cxd5 4. Bd3 Nc6 5. c3 Nf6 6. Bf4 e6 7. Nf3 Bd6 8. Qd2 Qc7 9. Bxd6 Qxd6 10. Na3 a6 11. O-O O-O 12. Rae1 b5 13. Ne5 Bb7 14. Nc2 Ne7 15. f4 Rad8 16. Re3 Ne4 17. Qe2 Nf5 18. Rh3 f6 19. Ng4 Ne7 20. Nce3 Ng6 21. Bxe4 dxe4 22. Qf2 f5 23. Ne5 Rf6 24. Qe2 Bd5 25. Qh5 Nf8 26. a3 Qc7 27. Qe2 Bb3 28. Nc2 Nd7 29. Nb4 Nxe5 30. fxe5 Rg6 31. Rf4 Qb6 32. Rfh4 a5 33. Nc2 Bxc2 34. Qxc2 Qc6 35. Qe2 h6 36. Re3 b4 37. axb4 axb4 38. Rhh3 Ra8 39. Rhg3 Rxg3 40. Rxg3 Ra1+ 41. Kf2 f4 42. Rxg7+ Kxg7 43. Qg4+ Kh7 44. Qxf4 Ra7 0-1

[Event "Hampshire Open"]
[Site "Eastleigh"]
[Date "2012.11.17"]
[Round "3"]
[White "Dawson, David"]
[Black "Cordner, David A"]
[Result "0-1"]
[WhiteElo "2058"]
[BlackElo "1994"]
[PlyCount "84"]
[EventDate "2012.11.16"]
[EventType "swiss"]
[EventRounds "6"]
[EventCountry "ENG"]
[SourceTitle "BritBase"]
[Source "John Saunders"]
[SourceDate "2025.01.31"]
[SourceVersion "1"]
[SourceVersionDate "2025.01.31"]
[SourceQuality "1"]

1. e4 e5 2. Nf3 Nc6 3. Bb5 a6 4. Ba4 Nf6 5. O-O Be7 6. d3 b5 7. Bb3 d6 8. a4 Bg4 9. h3 Bxf3 10. Qxf3 Nd4 11. Qd1 Nxb3 12. cxb3 O-O 13. f4 exf4 14. Bxf4 Nd7 15. Nc3 Bg5 16. axb5 Bxf4 17. Rxf4 Qg5 18. Nd5 axb5 19. Rxa8 Rxa8 20. Qf1 c6 21. h4 Qd8 22. Ne3 Qb6 23. Qe2 Ra1+ 24. Kh2 Ne5 25. Rf2 Qxe3 26. Qxe3 Ng4+ 27. Kg3 Nxe3 28. Re2 Nf1+ 29. Kf2 h5 30. Rc2 c5 31. e5 dxe5 32. Rxc5 Nh2 33. Rxb5 Ng4+ 34. Kf3 f5 35. b4 Rf1+ 36. Ke2 Rf2+ 37. Ke1 Rxg2 38. Rb8+ Kh7 39. b5 Rxb2 40. b6 f4 41. b7 f3 42. Rf8 f2+ 0-1

[Event "Hampshire Open"]
[Site "Eastleigh"]
[Date "2012.11.17"]
[Round "3"]
[White "Fowler, David W"]
[Black "Tambini, Jasper"]
[Result "1-0"]
[WhiteElo "1860"]
[BlackElo "1969"]
[PlyCount "155"]
[EventDate "2012.11.16"]
[EventType "swiss"]
[EventRounds "6"]
[EventCountry "ENG"]
[SourceTitle "BritBase"]
[Source "John Saunders"]
[SourceDate "2025.01.31"]
[SourceVersion "1"]
[SourceVersionDate "2025.01.31"]
[SourceQuality "1"]

1. e4 Nc6 2. Nf3 e5 3. Bb5 a6 4. Bxc6 dxc6 5. O-O Bg4 6. h3 Bxf3 7. Qxf3 f6 8. Qb3 b6 9. Qe6+ Ne7 10. d3 Qd6 11. Qxd6 cxd6 12. Be3 c5 13. a4 d5 14. f4 d4 15. Bd2 Nc6 16. Na3 Bd6 17. Nc4 Bc7 18. fxe5 Nxe5 19. Nxe5 Bxe5 20. Bf4 O-O 21. Ra3 Rae8 22. Raa1 Re6 23. Rf2 Rc8 24. b3 h6 25. g4 Bxf4 26. Rxf4 Re5 27. Rf5 Kf7 28. Raf1 Ke6 29. Kg2 Rf8 30. Rxe5+ Kxe5 31. Rf5+ Ke6 32. a5 Rc8 33. axb6 Kd6 34. h4 Kc6 {(=)} 35. g5 Kxb6 36. gxf6 gxf6 37. Rxf6+ Kb5 38. Rxh6 Rg8+ 39. Kf2 Rf8+ 40. Ke2 Rg8 41. Rf6 Kb4 42. Rf2 Kc3 43. Kf1 Rg3 44. Rh2 Rf3+ 45. Ke1 Re3+ 46. Re2 Rh3 47. e5 Rxh4 48. e6 Rh8 49. e7 Re8 50. Kd1 Kb4 51. Kc1 a5 52. Re5 Kb5 53. Kb2 Kb4 54. Ka2 Kb5 55. Ka3 Kc6 56. Ka4 Kd6 57. Re2 Kc6 58. Re1 Kd6 59. Kb5 Rb8+ 60. Kxa5 Ra8+ 61. Kb6 Rb8+ 62. Ka7 Re8 63. Kb7 Kd7 64. Kb6 Kd6 {(=)} 65. b4 cxb4 66. Kb5 Kd5 67. Kxb4 Rb8+ 68. Ka3 Ra8+ 69. Kb2 Rb8+ 70. Kc1 Re8 71. Kd2 Kd6 72. Re4 Kd5 73. Ke2 Kc5 74. Kf3 Kd5 75. Kf4 Kc5 76. Kf5 Kd6 77. Rxd4+ Kxe7 78. Re4+ 1-0

[Event "Hampshire Open"]
[Site "Eastleigh"]
[Date "2012.11.17"]
[Round "3"]
[White "Gill, Oliver"]
[Black "Abbott, Mark V"]
[Result "1-0"]
[WhiteElo "1984"]
[BlackElo "1971"]
[PlyCount "59"]
[EventDate "2012.11.16"]
[EventType "swiss"]
[EventRounds "6"]
[EventCountry "ENG"]
[SourceTitle "BritBase"]
[Source "John Saunders"]
[SourceDate "2025.01.31"]
[SourceVersion "1"]
[SourceVersionDate "2025.01.31"]
[SourceQuality "1"]

1. e4 c5 2. b3 Nc6 3. Bb2 e5 4. Bc4 d6 5. Nc3 Nge7 6. Nge2 g6 7. f4 Bg7 8. Nd5 a6 9. a4 Be6 10. O-O Bxd5 11. Bxd5 Nxd5 12. exd5 Ne7 13. c4 O-O 14. fxe5 Bxe5 15. Bxe5 dxe5 16. Nc3 f5 17. Re1 Qd6 18. Qe2 e4 19. d3 Qe5 20. Rac1 Qd4+ 21. Qf2 Rae8 22. dxe4 Qxf2+ 23. Kxf2 fxe4+ 24. Kg1 Nf5 25. Nxe4 Kg7 26. Nxc5 Nd4 27. Ne6+ Nxe6 28. Rxe6 Rxe6 29. dxe6 Re8 30. Rd1 1-0

[Event "Hampshire Open"]
[Site "Eastleigh"]
[Date "2012.11.17"]
[Round "3"]
[White "Iyengar, Ilya"]
[Black "Edney, Richard H"]
[Result "1/2-1/2"]
[WhiteElo "2019"]
[BlackElo "1914"]
[PlyCount "98"]
[EventDate "2012.11.16"]
[EventType "swiss"]
[EventRounds "6"]
[EventCountry "ENG"]
[SourceTitle "BritBase"]
[Source "John Saunders"]
[SourceDate "2025.01.31"]
[SourceVersion "1"]
[SourceVersionDate "2025.01.31"]
[SourceQuality "1"]

1. d4 Nf6 2. Nf3 g6 3. g3 Bg7 4. c4 O-O 5. Bg2 d6 6. O-O Nbd7 7. Nc3 e5 8. e4 a6 9. Re1 exd4 10. Nxd4 Re8 11. h3 Rb8 12. Rb1 c5 13. Nc2 Ne5 14. b3 Be6 15. Bb2 Qc7 16. Qe2 Rbd8 17. Rbd1 Qc8 18. Qf1 h5 19. f4 Nc6 20. Nd5 Nh7 21. Bxg7 Kxg7 22. Kh2 Bxd5 23. cxd5 Ne7 24. Ne3 f6 25. Bf3 Ng8 26. Qf2 Nh6 27. g4 hxg4 28. Nxg4 Nxg4+ 29. Bxg4 Qc7 30. Be6 Rh8 31. Rg1 Nf8 32. f5 Rh6 33. Qf4 Qe7 34. Rg4 g5 35. Kg2 Kh8 36. Qg3 Nd7 37. Bxd7 Rxd7 38. h4 gxh4 39. Rxh4 Rxh4 40. Qxh4+ Qh7 41. Qxh7+ Kxh7 42. a4 b5 43. axb5 axb5 44. Ra1 Kh6 45. Kf3 Kg7 46. Ra6 Kf7 47. Rb6 b4 48. Ke3 Ke7 49. Ra6 Rb7 1/2-1/2

[Event "Hampshire Open"]
[Site "Eastleigh"]
[Date "2012.11.17"]
[Round "3"]
[White "Lock, Gavin R"]
[Black "Williams, Peter Arthur"]
[Result "1-0"]
[WhiteElo "2162"]
[BlackElo "2238"]
[PlyCount "87"]
[EventDate "2012.11.16"]
[EventType "swiss"]
[EventRounds "6"]
[EventCountry "ENG"]
[SourceTitle "BritBase"]
[Source "John Saunders"]
[SourceDate "2025.01.31"]
[SourceVersion "1"]
[SourceVersionDate "2025.01.31"]
[SourceQuality "1"]

1. d4 d5 2. Nf3 Nf6 3. c4 c6 4. Nc3 dxc4 5. a4 Bg4 6. Ne5 Nbd7 7. Nxg4 Nxg4 8. e4 e5 9. Qxg4 exd4 10. Nb1 Qa5+ 11. Nd2 Ne5 12. Qg3 d3 13. f4 Nd7 14. Qf3 Nc5 15. Kf2 Qb4 16. g3 Ne6 17. e5 Bc5+ 18. Kg2 Nd4 19. Qe4 O-O 20. Nxc4 Qxc4 21. Bxd3 Qd5 22. Qxd5 cxd5 23. Be3 Nb3 24. Bxc5 Nxc5 25. Rhd1 Rac8 26. Bf5 Rcd8 27. b4 Ne6 28. Rd2 Rd7 29. Rad1 Rfd8 30. h4 a6 31. Kf3 h5 32. Bh3 Rc7 33. Rxd5 Rc3+ 34. Kf2 Rxd5 35. Rxd5 Rc4 36. f5 Nd4 37. Rd8+ Kh7 38. e6 fxe6 39. fxe6 Rc2+ 40. Ke3 Re2+ 41. Kxd4 Rd2+ 42. Ke5 Rxd8 43. e7 Rd1 44. Be6 1-0

[Event "Hampshire Open"]
[Site "Eastleigh"]
[Date "2012.11.17"]
[Round "3"]
[White "Tunks, Dominic R"]
[Black "Thompson, Ian D"]
[Result "1/2-1/2"]
[WhiteElo "2055"]
[BlackElo "2239"]
[PlyCount "62"]
[EventDate "2012.11.16"]
[EventType "swiss"]
[EventRounds "6"]
[EventCountry "ENG"]
[SourceTitle "BritBase"]
[Source "John Saunders"]
[SourceDate "2025.01.31"]
[SourceVersion "1"]
[SourceVersionDate "2025.01.31"]
[SourceQuality "1"]

1. e4 e6 2. d3 d5 3. Nd2 Nf6 4. Ngf3 Nc6 5. c3 dxe4 6. dxe4 Bc5 7. b4 Bb6 8. Be2 O-O 9. O-O e5 10. Qc2 a6 11. Nc4 Ba7 12. Bg5 h6 13. Rad1 Qe7 14. Bh4 Bg4 15. Ne3 Bxe3 16. fxe3 Rad8 17. Rxd8 Rxd8 18. Bxf6 Qxf6 19. Nd4 Qg5 20. Nxc6 Qxe3+ 21. Rf2 Rd2 22. Ne7+ Kh7 23. Qxd2 Qxd2 24. Bxg4 Qg5 25. Bf5+ g6 26. Bxg6+ fxg6 27. Rf7+ Kh8 28. Nd5 Qc1+ 29. Kf2 Qd2+ 30. Kf3 Qd3+ 31. Kf2 Qd2+ 1/2-1/2

[Event "Hampshire Open"]
[Site "Eastleigh"]
[Date "2012.11.17"]
[Round "4"]
[White "Abbott, Mark V"]
[Black "Iyengar, Ilya"]
[Result "1-0"]
[WhiteElo "1971"]
[BlackElo "2019"]
[PlyCount "79"]
[EventDate "2012.11.16"]
[EventType "swiss"]
[EventRounds "6"]
[EventCountry "ENG"]
[SourceTitle "BritBase"]
[Source "John Saunders"]
[SourceDate "2025.01.31"]
[SourceVersion "1"]
[SourceVersionDate "2025.01.31"]
[SourceQuality "1"]

1. d4 Nf6 2. c4 g6 3. Nc3 Bg7 4. e4 d6 5. Nf3 O-O 6. Be2 e5 7. O-O Nc6 8. d5 Ne7 9. b4 Nh5 10. Re1 f5 11. Bf1 h6 12. a4 Nf6 13. Nd2 f4 14. c5 g5 15. Nc4 g4 16. cxd6 cxd6 17. Ba3 Ne8 18. b5 Ng6 19. b6 a6 20. Rb1 Rf7 21. Na5 Bf8 22. Nc6 Qh4 23. g3 Qg5 24. Na7 Bd7 25. Bxa6 bxa6 26. b7 Rb8 27. Nc6 Bxc6 28. dxc6 f3 29. Qd3 Qh5 30. Bc1 Ne7 31. Rb6 Nc7 32. Kh1 Rf6 33. Ba3 d5 34. Bxe7 Bxe7 35. Nxd5 Nxd5 36. Qxd5+ Kg7 37. c7 Qh3 38. Rg1 Rxb6 39. cxb8=Q Rb1 40. Qbg8+ 1-0